000 00380nam a2200169Ia 4500
100 _aGayakwad/Ramakant A
650 _aLinear Integrated circuits
250 _a4
942 _cBK
366 _f25
654 _aop amps
245 _aOp-Amps and linear integrated circuits
260 _bprentice hall
_c2000
082 _a621.3815
_bGAY
300 _a543
546 _aENGLISH
999 _c35124
_d35124